00000000nam 2200000zi 4500
0019.950322
003CaOODSP
00520250606130809
006m     o  d f      
007cr bn|||||||||
008250422e195806##quca    ob   f000 0 eng d
040 |aCaOODSP|beng|erda|cCaOODSP
043 |an-cn---
045 |ax5x5
0861 |aDR52-23/2-1958E-PDF
1001 |aTait, D., |eauthor.
24510|aREAC analysis of aeroballistics range CF-105 test data / |cby D. Tait and H.R. Warren.
264 1|aValcartier, P.Q. : |bCanadian Armament Research and Development Establishment, |cJune 1958.
300 |a1 online resource (22 pages) : |billustrations.
336 |atext|btxt|2rdacontent
337 |acomputer|bc|2rdamedia
338 |aonline resource|bcr|2rdacarrier
4901 |aCARDE technical memorandum ; |vAB-51
500 |a"PCC D46-95-51-06."
500 |aDigitized edition from print [produced by Defence Research and Development Canada].
504 |aIncludes bibliographical references (page 13).
650 0|aAvro Arrow (Jet fighter plane)|xTesting.
650 0|aAirplanes|xModels|xAerodynamics|xTesting.
650 0|aBallistics, Exterior.
650 6|aAvro Arrow (Avion de chasse à réaction)|xEssais.
650 6|aAvions|xModèles réduits|xAérodynamique|xEssais.
650 6|aBalistique extérieure.
7102 |aCanadian Armament Research and Development Establishment, |eissuing body.
830#0|aCARDE technical memorandum. |vAB-51.|w(CaOODSP)9.943430
85640|qPDF|s1.35 MB|uhttps://publications.gc.ca/collections/collection_2025/rddc-drdc/DR52-23-2-1958-eng.pdf